Arrêts de la ligne 2 de Lyon (TCL) - Statistiques

Statistiques générales
  • Ce quiz a été pris 63 fois
  • Le résultat moyen est 16 sur 28
Statistiques - réponses
Arrondissement Arrêt % Correct
Lyon 1er/4e Croix-Rousse
95%
Lyon 9e Gare de Vaise
90%
Lyon 9e Valmy
90%
Lyon 9e Lycée Jean Perrin
80%
Lyon 9e Place de Paris
80%
Lyon 9e La Voûte
75%
Lyon 9e Rochecardon
70%
Lyon 9e Bifurcation du Rosay
65%
Lyon 9e Grand Champ
65%
Lyon 4e Hénon
65%
Lyon 4e Les Esses
65%
Lyon 9e Pont Mouton
60%
Lyon 9e Tissot
60%
Lyon 9e Berlioz
55%
Lyon 9e Val Rosay
55%
Lyon 4e Clos Jouve
50%
Lyon 9e Louis Bouquet
50%
Lyon 4e Place Flammarion
50%
Lyon 9e Plateaux de Saint-Rambert
50%
Lyon 9e Chalinel
45%
Lyon 4e Les Canuts
45%
Lyon 4e Place des Tapis
45%
Lyon 4e Serin - Saint-Charles
45%
Lyon 4e Bournes
40%
Lyon 4e Henri Gorjus
40%
Lyon 9e Pont Koenig RD
40%
Lyon 4e Claude Joseph Bonnet
35%
Lyon 4e Quai Gillet
35%
Aucun quiz correspondant
Distribution des résultats
% des personnes avec chaque résultat
Percentile par nombre de réponses
Votre historique - résultats
Vous n’avez pas pris ce quiz